000 00617nam a2200241Ia 4500
003 OSt
005 20220918210225.0
006 a|||||r|||| 00| 0
007 ta
008 220917b |||||||| |||| 00| 0 eng d
024 _a119,614
037 _cTextual
040 _aARTS
_cARTS
_beng
041 _2eng
_aeng
082 _aV73:23:N3, J2
100 _aBailey Stephen K
_9117450
245 0 _aCongress at work
260 _c1952
650 _aHISTORY
700 _a Samuel Howard D
_9117451
942 _hV73:23:N3, J2
_cTEXL
_2CC
999 _c242876
_d242876